| 000 | 00785 a2200193 4500 | ||
|---|---|---|---|
| 003 | NUST | ||
| 005 | 20251124180621.0 | ||
| 040 | _cNust | ||
| 082 | _a621.382,ZUB | ||
| 100 |
_aZubair, Muhammad (TCC-19 / TE-44) _9131478 |
||
| 245 |
_aBiologically inspired robot / _cMuhammad Zubair, Capt Adnan Afzal, Ahmad Masood Katal and Muhammad Waqas Ahmed |
||
| 260 |
_aRawalpindi _bMCS (NUST) _cAugust 2011 |
||
| 300 | _aix, 67 p.; | ||
| 505 | _aIntroduction (Page-1), Mathematical Design Page-7), Electrical Design (Page-15), Mechanical Design (Page-30), Image Processing (Page-37), system Integration (Page-55), References (Page-59). | ||
| 650 |
_aUG Projects _998716 |
||
| 651 |
_aTCC-19 / TE-44 _9131479 |
||
| 700 |
_asupervised by Maj Dr. Naveed Iqbal Rao _9132047 |
||
| 942 |
_cPR _2ddc |
||
| 999 |
_c188974 _d188974 |
||